000 00199nam a2200073Ia 4500
008 170524s9999 xx 000 0 und d
100 _aRAJWAR- INDRA CHAND
245 0 _aADHUNIK PATRKARITA KE ROOPREKHA
260 _bN DELHI TAKSHSHILA
999 _c9274
_d9274